000 00226nam a2200097Ia 4500
001 682287
005 20250826161416.0
008 250824s9999 xx 000 0 und d
245 0 _aGECE SESLERİ
_cAYŞE KULİN
260 _bEVEREST
999 _c682287
_d682287